Eucharistic Congress, And The Beggar (Record no. 9299)
[ view plain ]
| 000 -LEADER | |
|---|---|
| fixed length control field | 00435nam a2200133Ia 4500 |
| 008 - FIXED-LENGTH DATA ELEMENTS--GENERAL INFORMATION | |
| fixed length control field | 211109s9999||||xx |||||||||||||| ||und|| |
| 082 ## - DEWEY DECIMAL CLASSIFICATION NUMBER | |
| Classification number | 920 |
| Item number | MCN-E |
| 100 ## - MAIN ENTRY--PERSONAL NAME | |
| Personal name | Mcnalle, Vincent, |
| 245 #0 - TITLE STATEMENT | |
| Title | Eucharistic Congress, And The Beggar |
| 260 ## - PUBLICATION, DISTRIBUTION, ETC. | |
| Name of publisher, distributor, etc. | C T S Leading Library |
| Place of publication, distribution, etc. | London |
| Date of publication, distribution, etc. | 1934 |
| 630 ## - SUBJECT ADDED ENTRY--UNIFORM TITLE | |
| General subdivision | General Stack |
| 650 ## - SUBJECT ADDED ENTRY--TOPICAL TERM | |
| Topical term or geographic name entry element | History & geography |
| 942 ## - ADDED ENTRY ELEMENTS (KOHA) | |
| Koha item type | BOOK |
| 650 ## - SUBJECT ADDED ENTRY--TOPICAL TERM | |
| Form subdivision | Biography, geneology & insigniaBiography, geneology & insignia |
| General subdivision | Generalia |
| Withdrawn status | Lost status | Damaged status | Not for loan | Home library | Current library | Date acquired | Total Checkouts | Full call number | Barcode | Shelving location | Date last seen | Price effective from | Koha item type |
|---|---|---|---|---|---|---|---|---|---|---|---|---|---|
| SB LIBRARY | SB LIBRARY | 09/11/2021 | 920 MCN-E | 00009823 | GENERAL STACK | 09/11/2021 | 09/11/2021 | BOOK |